Biblioteka Instytutu Północnego w Olsztynie

Przez Morze Czerwone : (Rekord nr 27476)

Szczegóły MARC
000 -Nagłówek
fixed length control field 02630cam a2200613 i 4500
001 - Nr kontrolny bibl., która utworzyła rek.
control field xx004696401
003 - Siglum bibl., której nr kontr. jest w 001
control field NUKAT
005 - Data i czas ostatniej operacji
control field 20260408134205.0
008 - Elementy pola stałej długości
fixed length control field 190910s2019 pl a |001 0 pol c
020 ## - ISBN
ISBN 9788380986831
dopowiedzenie (oprawa twarda) :
warunki dostępności zł 59,00
035 ## - Systemowy numer kontrolny
systemowy numer kontrolny (OCoLC)1121435332
035 ## - Systemowy numer kontrolny
systemowy numer kontrolny (NUKAT)xx004696401
040 ## - Instytucja sporządzająca opis
Instytucja, która sporządziła opis KAT U/JP
język katalgowania-trzyzn. kod pol
zasady opisu rda
Instytucja, która sporządziła rekord KAT U/JPs
Instytucja, która zmodyfikowała rekord KAT U/AW
-- WR O/KP
-- OLSZT 008/bak
045 2# - Okres czasu dla zawartości
czas między r. 9999 pne a nasz. czas. d1945
-- d1990
046 ## - Kod rodz. daty, data1, data2 (daty pne)
Begin/single date 2019
100 1# - Hasło główne-nazwa osobowa
Nazwa osobowa Łabuszewski, Tomasz
Daty biograficzne (1966- ).
rodzaj współpracy Autor
9 (RLIN) 13045
245 10 - Tytuł właściwy i oznaczenie odpow.
tytuł Przez Morze Czerwone :
dodatek do tytułu Rzeczpospolita Polska na uchodźstwie 1945-1990 /
dod. inf. ze s. tyt./ozn. odpow. Tomasz Łabuszewski, Anna Obrębska, Małgorzata Ptasińska.
260 ## - Adres wydawniczy
miejsce wydania, dystrybucji itp. Warszawa :
nazwa wydawcy, dystrybutora itp. Instytut Pamięci Narodowej - Komisja Ścigania Zbrodni przeciwko Narodowi Polskiemu,
data wydania, dystrybucji itp. © copyright 2019.
300 ## - Opis fizyczny
objętość i/lub forma materiału 655 stron :
inne szczegóły opisu fizycznego ilustracje ;
format 31 cm.
336 ## - Content Type
Term Tekst
Code txt
Source rdacontent
337 ## - Media Type
Term Bez urządzenia pośredniczącego
Code n
Source rdamedia
338 ## - Carrier Type
Term Wolumin
Code nc
Source rdacarrier
380 ## - Form of work
Form of work Książki
380 ## - Form of work
Form of work Publikacje naukowe
388 1# - TIME PERIOD OF CREATION
Time period of creation term 2001-
490 1# - Tytuł serii i ks. wielotom.-nie do wysz.
oznaczenie serii Centralny Projekt Badawczy IPN Polska Emigracja Niepodległościowa 1945-1990
504 ## - Uwaga o bibliografii
uwaga o bibliografii Indeks.
610 27 - Hasło przedmiotowe-nazwa ciała zbior.
nazwa ciała zbior. lub geogr. Rząd Rzeczypospolitej Polskiej na uchodźstwie
źródło hasła DBN
9 (RLIN) 39662
610 17 - Hasło przedmiotowe-nazwa ciała zbior.
nazwa ciała zbior. lub geogr. Polska.
nazwa jednostki podrzędnej Rząd Rzeczypospolitej Polskiej na Uchodźstwie
określnik formy wydawnictwa ilustrowane.
źródło hasła kaba
9 (RLIN) 39663
648 #7 - SUBJECT ADDED ENTRY--CHRONOLOGICAL TERM
Chronological term 1901-2000
Source of heading or term DBN
9 (RLIN) 34996
648 #7 - SUBJECT ADDED ENTRY--CHRONOLOGICAL TERM
Chronological term 1945-1989
Source of heading or term DBN
9 (RLIN) 36043
648 #7 - SUBJECT ADDED ENTRY--CHRONOLOGICAL TERM
Chronological term 1989-2000
Source of heading or term DBN
9 (RLIN) 36156
650 #7 - Hasło przedmiotowe-nazwa pospolita
nazwa pospolita lub geogr. Emigracja
źródło hasła DBN
9 (RLIN) 39632
650 #7 - Hasło przedmiotowe-nazwa pospolita
nazwa pospolita lub geogr. Emigracja polityczna
źródło hasła DBN
9 (RLIN) 37405
650 #7 - Hasło przedmiotowe-nazwa pospolita
nazwa pospolita lub geogr. Organizacje polonijne
źródło hasła DBN
9 (RLIN) 37232
650 #7 - Hasło przedmiotowe-nazwa pospolita
nazwa pospolita lub geogr. Polacy za granicą
źródło hasła DBN
9 (RLIN) 35953
650 #7 - Hasło przedmiotowe-nazwa pospolita
nazwa pospolita lub geogr. Politycy
źródło hasła DBN
9 (RLIN) 36070
650 #7 - Hasło przedmiotowe-nazwa pospolita
nazwa pospolita lub geogr. Prezydenci
źródło hasła DBN
9 (RLIN) 39664
650 #7 - Hasło przedmiotowe-nazwa pospolita
nazwa pospolita lub geogr. Polacy
określnik geograficzny za granicą
określnik chronologiczny 1945-
określnik formy wydawnictwa ilustrowane.
źródło hasła kaba
9 (RLIN) 39665
650 #7 - Hasło przedmiotowe-nazwa pospolita
nazwa pospolita lub geogr. Polacy
określnik geograficzny za granicą
określnik chronologiczny 1900-1945
określnik formy wydawnictwa ilustrowane.
źródło hasła kaba
9 (RLIN) 39666
651 #7 - Hasło przedmiotowe-nazwa geogr.
nazwa geograficzna Francja
źródło hasła DBN
9 (RLIN) 37151
651 #7 - Hasło przedmiotowe-nazwa geogr.
nazwa geograficzna Stany Zjednoczone (USA)
źródło hasła DBN
9 (RLIN) 35652
651 #7 - Hasło przedmiotowe-nazwa geogr.
nazwa geograficzna Wielka Brytania
źródło hasła DBN
9 (RLIN) 36137
655 #7 - Termin określający rodzaj/formę
rodzaj/forma Opracowanie
źródło terminu DBN
9 (RLIN) 35024
655 #7 - Termin określający rodzaj/formę
rodzaj/forma Publikacja bogato ilustrowana
źródło terminu DBN
9 (RLIN) 35165
658 ## - Nazwa określająca cel programu nauczania
główny cel programu nauczania Historia
658 ## - Nazwa określająca cel programu nauczania
główny cel programu nauczania Polityka, politologia, administracja publiczna
700 1# - Hasło dodatkowe - nazwa osobowa
nazwa osobowa Obrębska-Woźniczka, Anna.
rodzaj współpracy Autor
9 (RLIN) 39661
700 1# - Hasło dodatkowe - nazwa osobowa
nazwa osobowa Ptasińska-Wójcik, Małgorzata.
rodzaj współpracy Autor
9 (RLIN) 13127
710 2# - Hasło dodatkowe - nazwa ciała zbior.
nazwa ciała zbior. lub nazwa geogr. Instytut Pamięci Narodowej - Komisja Ścigania Zbrodni przeciwko Narodowi Polskiemu.
rodzaj współpracy Wydawca
kod rodzaju współpracy pbl
9 (RLIN) 11792
830 #0 - Hasło dod. serii i op. ks. wielotom. -tyt
tytuł Polska Emigracja Niepodległościowa 1945-1990
9 (RLIN) 39546
920 ## - ISBN
ISBN 978-83-8098-683-1 (oprawa twarda) : zł 59,00
942 ## - ADDED ENTRY ELEMENTS (KOHA)
Source of classification or shelving scheme Dewey Decimal Classification
Koha item type pozycje dostępne na miejscu
Egzemplarze
Status wycofania Status zagubienia Klasyfikacja Status uszkodzenia Blokada wypożyczeń Kolekcja Lokalizacja macierzysta Lokalizacja bieżąca Data nabycia Numer akcesji Źródło akcesji Cena Nr inwentarzowy il. wypożyczeń Sygnatura Kod kreskowy Date last seen Price effective from Typ egz.
    Dewey Decimal Classification nieuszkodzona   książka w magazynie Biblioteka Instytutu Północnego w Olsztynie Biblioteka Instytutu Północnego w Olsztynie 25/11/2019 D-38/2019 dar 59.00 59860   59860 IPWK21559 08/04/2026 08/04/2026 pozycje dostępne na miejscu
Biblioteka Instytutu Północnego, ul. Partyzantów 87, 10-402 Olsztyn, email: biblioteka(at)ip.olsztyn.pl